<?xml version="1.0" encoding="UTF-8"?>
<record
    xmlns:xsi="http://www.w3.org/2001/XMLSchema-instance"
    xsi:schemaLocation="http://www.loc.gov/MARC21/slim http://www.loc.gov/standards/marcxml/schema/MARC21slim.xsd"
    xmlns="http://www.loc.gov/MARC21/slim">

  <leader>00578nam a22001457a 4500</leader>
  <datafield tag="999" ind1=" " ind2=" ">
    <subfield code="c">122150</subfield>
    <subfield code="d">122150</subfield>
  </datafield>
  <controlfield tag="005">20210429124302.0</controlfield>
  <controlfield tag="008">210429b           ||||| |||| 00| 0 eng d</controlfield>
  <datafield tag="040" ind1=" " ind2=" ">
    <subfield code="c">PK-LaUMT</subfield>
  </datafield>
  <datafield tag="082" ind1=" " ind2=" ">
    <subfield code="a">RHC 297.016</subfield>
    <subfield code="b">MAT-F</subfield>
  </datafield>
  <datafield tag="100" ind1=" " ind2=" ">
    <subfield code="a">Matin Hashmi, Muhammad = </subfield>
  </datafield>
  <datafield tag="245" ind1=" " ind2=" ">
    <subfield code="a">Fehrist makhtotaat (Arabic wa Farsi) =  &#x641;&#x6C1;&#x631;&#x633;&#x62A; &#x645;&#x62E;&#x637;&#x648;&#x637;&#x627;&#x62A;  (&#x639;&#x631;&#x628;&#x6CC; &#x648; &#x641;&#x627;&#x631;&#x633;&#x6CC;) &#x645;&#x631;&#x6A9;&#x632; &#x62A;&#x62D;&#x642;&#x6CC;&#x642; &#x62F;&#x6CC;&#x627;&#x644; &#x633;&#x646;&#x6AF;&#x6BE; &#x679;&#x631;&#x633;&#x679; &#x644;&#x627;&#x626;&#x628;&#x631;&#x6CC;&#x631;&#x6CC; /</subfield>
    <subfield code="c">by Muhammad Matin Hashmi = &#x627;&#x632; &#x645;&#x62D;&#x645;&#x62F; &#x645;&#x62A;&#x6CC;&#x646; &#x6BE;&#x627;&#x634;&#x645;&#x6CC;</subfield>
  </datafield>
  <datafield tag="260" ind1=" " ind2=" ">
    <subfield code="a">Lahore :</subfield>
    <subfield code="b">Diyal Singh Trust Library,</subfield>
    <subfield code="c">1975</subfield>
  </datafield>
  <datafield tag="300" ind1=" " ind2=" ">
    <subfield code="a">242 p.</subfield>
  </datafield>
  <datafield tag="942" ind1=" " ind2=" ">
    <subfield code="c">BK</subfield>
  </datafield>
  <datafield tag="952" ind1=" " ind2=" ">
    <subfield code="0">0</subfield>
    <subfield code="1">0</subfield>
    <subfield code="4">0</subfield>
    <subfield code="7">0</subfield>
    <subfield code="a">01</subfield>
    <subfield code="b">01</subfield>
    <subfield code="d">2021-04-29</subfield>
    <subfield code="l">0</subfield>
    <subfield code="o">RHC 297.016 MAT-F</subfield>
    <subfield code="p">137190</subfield>
    <subfield code="r">2021-04-29 00:00:00</subfield>
    <subfield code="t">Vol.1</subfield>
    <subfield code="w">2021-04-29</subfield>
    <subfield code="y">BK</subfield>
  </datafield>
</record>
